|
|
|
|
| LEADER |
00000nam0a2200000 4500 |
| 001 |
342642 |
| 005 |
20231102005456.0 |
| 010 |
|
|
|a 9785171004200
|
| 035 |
|
|
|a (RuTPU)RU\TPU\book\371815
|
| 090 |
|
|
|a 342642
|
| 100 |
|
|
|a 20190321d2019 m y0rusy50 ca
|
| 101 |
0 |
|
|a rus
|
| 102 |
|
|
|a RU
|
| 105 |
|
|
|a y z 000ay
|
| 200 |
1 |
|
|a Тобол. Много званых
|e роман-пеплум
|f А. В. Иванов
|
| 210 |
|
|
|a Москва
|c АСТ
|d 2019
|
| 215 |
|
|
|a 704 с.
|
| 225 |
1 |
|
|a Новый Алексей Иванов
|
| 330 |
|
|
|a В эпоху великих реформ Петра I "Россия молодая" закипела даже в дремучей Сибири. Нарождающаяся империя крушила в тайге воеводское средневековье. Народы и веры перемешались. Пленные шведы, бухарские купцы, офицеры и чиновники, каторжники, инородцы, летописцы и зодчие, китайские контрабандисты, беглые раскольники, шаманы, православные миссионеры и воинственные степняки джунгары - все они вместе, враждуя между собой или спасая друг друга, творили судьбу российской Азии. Эти обжигающие сюжеты Алексей Иванов сложил в роман-пеплум "Тобол". "Тобол. Много званых" - первая книга романа.
|
| 606 |
1 |
|
|a Русская литература современная
|2 stltpush
|3 (RuTPU)RU\TPU\subj\26373
|9 50316
|
| 610 |
1 |
|
|a исторические романы
|
| 610 |
1 |
|
|a любовь
|
| 610 |
1 |
|
|a Сибирь
|
| 610 |
1 |
|
|a приключения
|
| 610 |
1 |
|
|a киносценарии
|
| 675 |
|
|
|a Р2
|v 4
|
| 700 |
|
1 |
|a Иванов
|b А. В.
|g Алексей Викторович
|
| 801 |
|
1 |
|a RU
|b 63413507
|c 20190321
|
| 801 |
|
2 |
|a RU
|b 63413507
|c 20191009
|g RCR
|
| 942 |
|
|
|c BK
|
| 959 |
|
|
|a 3/20190321
|d 1
|e 515,00
|f ХФ:1
|